| 000 | 00539nam a2200193Ia 4500 | ||
|---|---|---|---|
| 008 | 131103s9999 xx 000 0 und d | ||
| 010 | _a706993543 | ||
| 020 | _aRs.180 | ||
| 040 | _aLoreto College | ||
| 041 | _aEnglish | ||
| 082 |
_a370.15/AGG _bLCLIB/44490 |
||
| 100 | _aAggarwal,J.C. | ||
| 245 |
_aEssentials of educational psychology _cJ.C.Aggarwal |
||
| 260 |
_aNew Delhi _bVikas Publishing House Pvt Ltd. _c1994 |
||
| 300 |
_a581 p. _b illus.,tables,fig. _c 22 cm. |
||
| 504 | _aIncludes index | ||
| 850 | _aLCLIB | ||
| 942 | _cBK | ||
| 999 |
_c12690 _d63169 |
||